| 000 | nam a22 a 4500 | ||
|---|---|---|---|
| 999 |
_c125839 _d125839 |
||
| 003 | BLK | ||
| 005 | 20220927153818.0 | ||
| 008 | 180409b bul|||||r ||||||| ||bul|| | ||
| 010 | _aKNG00131518000 | ||
| 040 | _aBLK | ||
| 041 |
_aBUL _cBUL |
||
| 080 |
_aРуска литература _b821.161.1 _x-31 _z821.161.1-31 |
||
| 080 |
_aЛитовска литература _b821.172 _x-31 _z821.172-31 |
||
| 100 | 1 |
_aБеляускас, Алфонсас _eпърви автор _938114 |
|
| 139 |
_aБеляускас, Алфонсас _bБ 36 |
||
| 245 | 1 | 0 |
_aКаунаски роман _cАлфонсас Беляускас; прев. от литов. Иван И. Троянски. |
| 257 | _aLIT | ||
| 260 |
_aСофия _bОФ _c1975 _fВ. Търново : Д. Найденов |
||
| 300 |
_a264 с. _c20 см |
||
| 380 | _aX | ||
| 500 | _aОриг. загл. Kauno romanas. - 20 100 тир. | ||
| 700 | 1 |
_aТроянски, Иван И. _eпрев. от литов. _9319673 |
|
| 852 | _aЦб 76178 | ||
| 856 | 4 | _qpdf | |
| 856 | 4 | _qpdf | |
| 942 |
_cKNG _n0 _s1 |
||
| 944 |
_aCR _c22.06.2012 _l22.06.2012 - от С1,Р / 22.06.2012 _kКамелия_Данева |
||
| 944 |
_aED _c2022-09-27 _kир |
||
| 999 | _d125839 | ||